01931nam a22003257a 4500003000400000005001700004007000200021008004100023020002000064040006600084050002200150245006600172260008100238264004100319300006500360336002600425337002800451338003700479490003600516505006600552505007000618505005000688505004700738505005100785520059900836650002801435650003901463658007601502710002701578OSt20260317114439.0a260317b |||||||| |||| 00| 0 eng d a478580002XC2052 aFoundation UniversitybengcFoundation UniversitydFULiberda aNA 2460.J37b.S5600aExcellent shop designs :bJapanese restaurants amd taverns 2. aJapan :bShotenkenchiku-sha Co., Ltd.,c[date of publication not identified] 4[date of publication not identified] 3resourcea240 pages :bcolor illustrations ;c30 cm.fvolume 2rdacontentatextbtxt 2rdamediaaunmediatedbn 2rdacarrier3resourceavolumebnc aShotenkenchiku extra numberv41 aPart 1: Restaurants mainly with tables & counters (10 shops). aPart 2 : Restaurants mainly with Japanese style rooms (10 shops). aPart 3 : Free-standing restaurants (8 shops). aPart 4 : Specialty restaurants (21 shops). aPart 5 : Pub restaurants . taverns (21 shops). aThis book is a collection by type of Japanese food restaurants, Japanese style restaurants, restaurants, and taverns opened between 1986 and 1987. From those in the traditional rustic style to those of post-modern structure, a total of 70 restaurants and taverns are introduced with photos, plans and descriptions. It is recommended to use this book as a design style book for planning and design of Japanese food restaurants, Japanese style restaurants, restaurants, and taverns, or it can be also utilized as a design style reference for Japanese style shop making and interior room planning. 2LCaRestaurantszJapan. 2LCaBars (Drinking establishments) aArchitecture, Bachelor of Science in :bArchitectural Design ;cARC122. aShotenkenchiku-sha Co.